[Event "Berlin Kreuzberg op 3th"]
[Site "Berlin"]
[Date "2002.07.12"]
[Round "7"]
[White "Tauchert, Norbert"]
[Black "Offermann, Fernando"]
[Result "1/2-1/2"]
[WhiteElo "2018"]
[BlackElo "2077"]
[PlyCount "42"]
[EventDate "2002.07.06"]
[EventType "swiss"]
[EventRounds "9"]
[EventCountry "GER"]
[SourceTitle "EXT 2022"]
[Source "ChessBase"]
[SourceDate "2021.10.06"]
[SourceVersion "1"]
[SourceVersionDate "2021.10.06"]
[SourceQuality "1"]

1. e4 c5 2. b3 Nc6 3. Bb2 e5 4. Nf3 d6 5. Be2 g6 6. 0-0 Bg7 7. d3 Nge7 8. Nbd2 0-0 9. c3 f5 10. exf5 Nxf5 11. Ne4 b6 12. Ng3 Nxg3 13. hxg3 d5 14. Qd2 a5 15. c4 Kh8 16. Ng5 Nd4 17. Bxd4 cxd4 18. cxd5 Bh6 19. f4 Bxg5 20. fxg5 Rxf1+ 21. Rxf1 Bb7 1/2-1/2

[Event "Berlin Kreuzberg op 3th"]
[Site "Berlin"]
[Date "2002.07.11"]
[Round "6"]
[White "Grosse Honebrink, Brigitte"]
[Black "Tauchert, Norbert"]
[Result "0-1"]
[WhiteElo "1785"]
[BlackElo "2018"]
[PlyCount "52"]
[EventDate "2002.07.06"]
[EventType "swiss"]
[EventRounds "9"]
[EventCountry "GER"]
[SourceTitle "EXT 2022"]
[Source "ChessBase"]
[SourceDate "2021.10.06"]
[SourceVersion "1"]
[SourceVersionDate "2021.10.06"]
[SourceQuality "1"]

1. d4 d5 2. Nf3 Nf6 3. c4 c6 4. cxd5 cxd5 5. Nc3 Bf5 6. Bg5 e6 7. e3 Be7 8. Bb5+ Nbd7 9. Ne5 0-0 10. Nxd7 Nxd7 11. Bxe7 Qxe7 12. Bd3 Qg5 13. Bxf5 Qxf5 14. 0-0 Rac8 15. Rc1 a6 16. Na4 Qf6 17. Nc5 Nxc5 18. Rxc5 Rxc5 19. dxc5 Qxb2 20. Qb1 Qxb1 21. Rxb1 Rc8 22. Rxb7 g6 23. g3 Rxc5 24. Rb4 Kg7 25. Kg2 a5 26. Rb7 Rc2 0-1

[Event "Kreuzberg CC-ch"]
[Site "Berlin"]
[Date "2002.03.05"]
[Round "7"]
[White "Loehr, Wilhelm"]
[Black "Tauchert, Norbert"]
[Result "0-1"]
[WhiteElo "1896"]
[BlackElo "1986"]
[PlyCount "104"]
[EventDate "2002.01.15"]
[EventType "swiss"]
[EventRounds "9"]
[EventCountry "GER"]
[SourceTitle "EXT 2003"]
[Source "ChessBase"]
[SourceDate "2002.11.25"]
[SourceVersion "1"]
[SourceVersionDate "2002.11.25"]
[SourceQuality "1"]

1. e4 e5 2. Nf3 Nc6 3. Bc4 Nf6 4. d3 Be7 5. a3 0-0 6. Nc3 d6 7. h3 a6 8. Be3 b5 9. Ba2 Bb7 10. Nd5 a5 11. c3 a4 12. Rc1 Na5 13. c4 bxc4 14. Nxf6+ Bxf6 15. Bxc4 Nxc4 16. Rxc4 d5 17. Rxa4 Rxa4 18. Qxa4 dxe4 19. dxe4 Qd3 20. Qd1 Bxe4 21. Qxd3 Bxd3 22. Bc1 c5 23. Nh2 e4 24. Ng4 Bd4 25. Ne3 Rb8 26. Nd1 c4 27. Nc3 Rb3 28. Nd1 f5 29. g3 Kf7 30. h4 Ke6 31. h5 Kf6 32. Rh4 Bc2 33. Ne3 Bxb2 34. Bxb2+ Rxb2 35. Nd1 Ra2 36. Rf4 Bd3 37. Ne3 g6 38. hxg6 hxg6 39. g4 Ke5 40. Ng2 Ra1+ 41. Kd2 Bf1 42. gxf5 gxf5 43. Rh4 Bxg2 44. Rh2 Bf3 45. Kc3 Rxa3+ 46. Kb4 Rd3 47. Kxc4 Rd2 48. Kc3 e3 49. Rh8 Rxf2 50. Kd3 e2 51. Re8+ Kf4 52. Kd2 Rf1 0-1

[Event "Kreuzberg CC-ch"]
[Site "Berlin"]
[Date "2002.02.19"]
[Round "5"]
[White "Thomas, Andreas"]
[Black "Tauchert, Norbert"]
[Result "1/2-1/2"]
[WhiteElo "1839"]
[BlackElo "1986"]
[PlyCount "75"]
[EventDate "2002.01.15"]
[EventType "swiss"]
[EventRounds "9"]
[EventCountry "GER"]
[SourceTitle "EXT 2003"]
[Source "ChessBase"]
[SourceDate "2002.11.25"]
[SourceVersion "1"]
[SourceVersionDate "2002.11.25"]
[SourceQuality "1"]

1. e4 e5 2. Nf3 Nc6 3. Bb5 a6 4. Ba4 Nf6 5. 0-0 b5 6. Bb3 Nxe4 7. d4 d5 8. dxe5 Be6 9. c3 Be7 10. Nbd2 Nxd2 11. Qxd2 Na5 12. Bc2 c5 13. Qe2 Nc6 14. Rd1 Qc7 15. Bf4 c4 16. Bg3 a5 17. a3 Ra7 18. h3 h6 19. Nh2 b4 20. axb4 axb4 21. Ba4 0-0 22. Bxc6 Rxa1 23. Rxa1 Qxc6 24. f4 Ra8 25. Rxa8+ Qxa8 26. Be1 bxc3 27. bxc3 Bc5+ 28. Kh1 Qa1 29. Nf3 Bf5 30. Kh2 Bd3 31. Qd2 Qa7 32. Qb2 Be3 33. Bg3 Qa4 34. Qb8+ Kh7 35. e6 fxe6 36. Qe5 Be4 37. Qxe6 Qd1 38. f5 1/2-1/2

[Event "Kreuzberg 2000"]
[Site "Berlin"]
[Date "2000.07.25"]
[Round "4"]
[White "Von Loehneysen, Leonard"]
[Black "Tauchert, Norbert"]
[Result "1/2-1/2"]
[WhiteElo "2081"]
[BlackElo "1939"]
[PlyCount "37"]
[EventDate "2000.07.??"]
[EventType "swiss"]
[EventRounds "9"]
[EventCountry "GER"]
[SourceTitle "EXT 2001"]
[Source "ChessBase"]
[SourceDate "2000.11.22"]
[SourceVersion "1"]
[SourceVersionDate "2000.11.22"]
[SourceQuality "1"]

1. c4 f5 2. g3 Nf6 3. Bg2 d6 4. d4 e6 5. Nc3 Be7 6. e4 fxe4 7. Nxe4 0-0 8. Nxf6+ Bxf6 9. Nf3 Nc6 10. 0-0 e5 11. dxe5 Nxe5 12. Nxe5 Bxe5 13. Qb3 Kh8 14. f4 Bd4+ 15. Be3 Qf6 16. Bxd4 Qxd4+ 17. Kh1 Be6 18. Rfd1 Qc5 19. Bd5 1/2-1/2